Dharam nirpaksh Bharat mein islam (Record no. 181608)

MARC details
000 -LEADER
fixed length control field 00370nam a2200145Ia 4500
008 - FIXED-LENGTH DATA ELEMENTS--GENERAL INFORMATION
fixed length control field 230917s9999||||xx |||||||||||||| ||und||
040 ## - CATALOGING SOURCE
-- 153815
Original cataloging agency VIVEKANANDA LIBRARY
041 ## - Language
-- English
082 ## - DDC NUMBER
Classification number 297 M974D
100 ## - MAIN ENTRY--PERSONAL NAME
Personal name Mushir -Ul-Haque
245 #0 - TITLE STATEMENT
Title Dharam nirpaksh Bharat mein islam
260 ## - PUBLICATION, DISTRIBUTION, ETC. (IMPRINT)
Place of publication, distribution, etc New Delhi
Name of publisher, distributor, etc Radhakrishna Prakashan
Date of publication, distribution, etc 1977
300 ## - PHYSICAL DESCRIPTION
Pages 128 p.
942 ## - ADDED ENTRY ELEMENTS (KOHA)
Koha item type Books
Holdings
Withdrawn status Lost status Damaged status Not for loan Location (home branch) Sublocation or collection (holding branch) Date acquired Koha issues (times borrowed) Koha full call number Accession No. Koha date last seen Koha item type
        VIVEKANANDA LIBRARY VIVEKANANDA LIBRARY 13/04/2010 1 297 M974D 36288 19/09/2024 Books
© Designed and Maintained by Vivekananda Library, MDU Rohtak